000 01322nam a2200361 c 4500
999 _c176441
_d176441
003 BLK
005 20250707121952.0
008 180411b bul|||||r ||||||| ||bul||
010 _aKNG00185064000
020 _a978-954-26-1500-2
040 _aBLK
041 _aBUL
_cBUL
072 7 _2bullib
_aН84
_xБългарска художествена литература Н
080 _aБългарска литература
_b821.163.2
_x-32
_z821.163.2-32
100 1 _aСамуилова, Ивинела Вескова
_9381715
139 _aСамуилова, Ивинела Вескова
_bС 17
245 1 0 _aГатанки от небето
_b55 вдъхновяващи истории за истински ценното в живота
_cИвинела Самуилова.
257 _aBGR
260 _aПловдив
_bХермес
_c2015
_fСофия : Алианс принт
300 _a270 с.
_c17 см
380 _aX
500 _aДоп. тир. 2020.
653 _aпритчи
653 _aразкази
659 _aН
852 _aЦб І 36658
856 4 _qpdf
856 4 _qpdf
942 _cKNG
_n0
_032
_s1
944 _aCR
_c27.11.2015
_lЦветомила Тодорова
_k30576
944 _aED
_c13.02.2017
_lф /
_kПенка_Димитрова
999 _d176441